Algunos programas de uso común en PASCAL: basado en el libro algunos programas de uso común en BASIC

Saved in:
Bibliografiske detaljer
Format: Bog
Sprog:spansk
Udgivet: Madrid McGraw-Hill 1982
Fag:
Tags: Tilføj Tag
Ingen Tags, Vær først til at tagge denne postø!

MARC

LEADER 00000nam a2200000 a 4500
001 UCV4402
003 CL-VaPUC
008 920702e19820000SP |||||||||||||||||spa|d
082 0 4 |a 005.133  |b ALG  |2 21 
245 1 0 |a Algunos programas de uso común en PASCAL: basado en el libro algunos programas de uso común en BASIC 
300 |a 237 p 
942 |c BK 
945 |d 19920702 00:00:00 
260 |a Madrid  |b McGraw-Hill  |c 1982 
650 7 |a PASCAL  |2 CL-VaPUC  |9 260074 
650 0 |a Lenguajes de programación   |9 259458 
650 0 |a Computadores  |9 258188 
583 |a last modification  |c 20130913 13:21:28  |k Rodrigo Vera 
999 |c 211245  |d 211243 
952 |0 0  |1 0  |4 0  |6 005_133000000000000_ALG_1982  |7 0  |8 A  |9 189861  |a BIBGIM  |b BIBGIM  |d 2019-11-14  |i 1414267  |o 005.133 ALG 1982  |p 1414267  |r 2025-01-15  |w 2019-11-14  |y BK  |k COM